| 000 | 01232cam a2200349 i 4500 | ||
|---|---|---|---|
| 001 | 10629 | ||
| 003 | Mx-PuUPA | ||
| 005 | 20220222114928.0 | ||
| 008 | 140415s1990 sp a gre 001 0 spa d | ||
| 017 | _aM. 9.665-1963 | ||
| 020 | _a8423952754 | ||
| 040 |
_aMx-PuUPA _bspa _cMx-PuUPA _dMx-PuUPA _erda |
||
| 041 | 0 | _aspa | |
| 100 | 1 |
_aLuna, Juan J., _eautor |
|
| 245 | 1 | 0 |
_aPintura británica (1500-1820) / _cpor Juan J. Luna |
| 250 | _aSegunda edición | ||
| 264 | 1 |
_aMadrid : _bEspasa-Calpe, _c1990 _c©1988 |
|
| 300 |
_a700 páginas : _bilustraciones (algunas a color) ; _c28 cm |
||
| 336 |
_2rdacontent _atexto _btxt |
||
| 336 |
_2rdacontent _aimagen fija _bsti |
||
| 337 |
_2rdamedia _asin medio _bn |
||
| 338 |
_2rdacarrier _avolumen _bnc |
||
| 490 | 1 |
_aSumma artis, historia general del arte ; _v33 |
|
| 650 | 7 |
_aArte _xHistoria _2armarc |
|
| 655 | 7 |
_2armarc _aEnciclopedias |
|
| 785 | 0 | 0 |
_aBuendía, J. Rogelio, _bCuarta edición _dMadrid : Espasa-Calpe, 1997 _tArte europeo y norteamericano del siglo XIX _w(Mx-PuUPA) 21027 _z8423952762 |
| 830 | 0 |
_912114 _aSumma artis, historia general del arte _v33 |
|
| 942 |
_2ddc _cLI _h709 _iS955 |
||
| 999 |
_c10629 _d10629 |
||